Inter Milan 2022/2023 Scorers - Statistics

General Stats
  • This quiz has been taken 57 times
  • The average score is 12 of 14
Answer Stats
Nationality Goals Player % Correct
Argentina 28 (Serie A-UCL-Coppa Italia-Supercoppa Italiana) Lautaro Martinez
98%
Bosnia 14 (Serie A-UCL-Supercoppa Italiana) Edin Dzeko
96%
Belgium 14 (Serie A-Coppa Italia-UCL) Romelu Lukaku
96%
The Netherlands 2 (Serie A-UCL) Denzel Dumfries
94%
Italy 9 (Serie A-UCL) Nicolò Barella
91%
The Netherlands 1 (Serie A) Stefan De Vrij
91%
Turkey 4 (Serie A-UCL) Hakan Calhanoglu
89%
Croatia 3 (Serie A) Marcelo Brozovic
87%
Armenia 5 (Serie A-UCL) Henrikh Mkhitaryan
85%
Argentina 4 (Serie A-UCL) Joaquin Correa
85%
Germany 4 (Serie A-UCL) Robin Gosens
83%
Italy 6 (Serie A-Champions-Supercoppa Italiana) Federico Dimarco
81%
Italy 2 (Serie A-Coppa Italia) Matteo Darmian
77%
Italy 1 (Coppa Italia) Francesco Acerbi
77%
No matching quizzes found
Score Distribution
Percent of People with Each Score
Percentile by Number Answered
Your Score History
You have not taken this quiz